| 000 | 00985cam a22003378i 4500 | ||
|---|---|---|---|
| 999 |
_c535551 _d535551 |
||
| 001 | 19544017 | ||
| 003 | NUST | ||
| 005 | 20200916143654.0 | ||
| 008 | 170308s2017 flu 000 0 eng | ||
| 010 | _a 2017011060 | ||
| 020 | _a9781498786270 (pbk.) | ||
| 020 | _z9781498786287 (e-book) | ||
| 038 | _aMSOHAIL | ||
| 040 |
_aDLC _beng _erda _cDLC |
||
| 042 | _apcc | ||
| 050 | 0 | 0 |
_aTA706 _b.W98 2017 |
| 082 | 0 | 0 |
_a624.15132 _223 _bWYL |
| 100 | 1 |
_aWyllie, Duncan C., _eauthor. _930179 |
|
| 245 | 1 | 0 |
_aRock slope engineering : _bcivil applications / _cDuncan Wyllie. |
| 250 | _aFifth edition. | ||
| 263 | _a1708 | ||
| 264 | 1 |
_aBoca Raton : _bTaylor & Francis, CRC Press, _c2017. |
|
| 300 | _apages cm | ||
| 336 |
_atext _btxt _2rdacontent |
||
| 337 |
_aunmediated _bn _2rdamedia |
||
| 338 |
_avolume _bnc _2rdacarrier |
||
| 650 | 0 |
_aRock slopes. _930180 |
|
| 906 |
_a7 _bcbc _corignew _d1 _eecip _f20 _gy-gencatlg |
||
| 942 |
_2ddc _cBK |
||